000 00606nam a2200229Ia 4500
003 OSt
005 20220926033906.0
006 a|||||r|||| 00| 0
007 ta
008 220923b |||||||| |||| 00| 0 eng d
037 _cGeneral Book
040 _aRTL
_cRTL
_beng
041 _2eng
_aeng
082 _aU.2.N6, L1\TD
100 _aSingh R L
245 0 _aIndia
_b regional geography
260 _aVaranasi
_bSiver Jublee
650 _a India
_964395
650 _aGeography- Asia
_9237597
942 _hU.2.N6, L1\TD
_cGB
_2CC
999 _c658206
_d658206